Prodej a pacht závodu podle Občanského zákoníku

Nový občiansky zákonník č. 89/2012 Sb., v ČR zrušil s účinnosťou od 1. januára 2014 obchodný zákonník č. 513/1991 Sb. Dôvody zaradenia právnej úpravy predaja závodu (podniku) a nový pojem - pacht závodu (podniku).

Na minha lista:
Detalhes bibliográficos
Autor principal: Jouza, Ladislav
Formato: Capítulo de Livro
Idioma:tcheco
Assuntos:
Tags: Adicionar Tag
Sem tags, seja o primeiro a adicionar uma tag!

MARC

LEADER 00000naa a2200000 4500
001 0185790
005 20230925092602.7
041 0 |a cze 
044 |a CZ 
245 1 0 |a Prodej a pacht závodu podle Občanského zákoníku  |c Ladislav Jouza 
520 |a Nový občiansky zákonník č. 89/2012 Sb., v ČR zrušil s účinnosťou od 1. januára 2014 obchodný zákonník č. 513/1991 Sb. Dôvody zaradenia právnej úpravy predaja závodu (podniku) a nový pojem - pacht závodu (podniku). 
610 2 0 |a Česko 
610 2 0 |a zákonník občiansky 
610 2 0 |a zákonník obchodný 
610 2 0 |a úpravy právne 
610 2 0 |a kodifikácia práva 
610 2 0 |a zákony 
100 1 |a Jouza, Ladislav